Inverted Country Flags: V - Statistics

General Stats
  • This quiz has been taken 25 times
  • The average score is 10 of 14
Answer Stats
Picture Answer % Correct
Kenya
95%
Bhutan
89%
Uruguay
89%
Maldives
84%
North Macedonia
84%
Brunei
79%
Egypt
79%
Philippines
79%
Libya
68%
Moldova
68%
Namibia
68%
Sudan
63%
Bulgaria
42%
Mali
37%
No matching quizzes found
Score Distribution
Percent of People with Each Score
Percentile by Number Answered
Your Score History
You have not taken this quiz